Essentials of Corporate Communication (Record no. 4944)

MARC details
000 -LEADER
fixed length control field 00345nam a2200145Ia 4500
008 - FIXED-LENGTH DATA ELEMENTS--GENERAL INFORMATION
fixed length control field 191201s2011 xx 000 0 und d
082 ## - DEWEY DECIMAL CLASSIFICATION NUMBER
Classification number 658.4
Item number VAE
100 ## - MAIN ENTRY--PERSONAL NAME
Personal name VANRIEL, Cess B.M
245 #0 - TITLE STATEMENT
Title Essentials of Corporate Communication
250 ## - EDITION STATEMENT
Edition statement Rep
260 ## - PUBLICATION, DISTRIBUTION, ETC. (IMPRINT)
Place of publication, distribution, etc Londan
Name of publisher, distributor, etc Routledge
Date of publication, distribution, etc 2011
300 ## - PHYSICAL DESCRIPTION
Extent 306
650 ## - SUBJECT ADDED ENTRY--TOPICAL TERM
Topical term or geographic name as entry element BBA
942 ## - ADDED ENTRY ELEMENTS (KOHA)
Source of classification or shelving scheme Dewey Decimal Classification
Koha item type Text Books
Holdings
Withdrawn status Lost status Source of classification or shelving scheme Damaged status Not for loan Collection code Home library Current library Date acquired Source of acquisition Cost, normal purchase price Bill Number Total Checkouts Full call number Acc. no. / Barcode Checked out Date last seen Date last borrowed Bill Date Koha item type Public note
    Dewey Decimal Classification     BBA PIET C-LIBRARY PIET C-LIBRARY 30/07/2011 The book company 495.00 IN-859 1 658.45 VAE 17976 21/07/2022 22/01/2022 22/01/2022 27/07/2011 Text Books .
    Dewey Decimal Classification     BBA PIET C-LIBRARY PIET C-LIBRARY 30/07/2011 The book company 495.00 IN-859   658.45 VAE 17977   04/12/2019   27/07/2011 Text Books  
    Dewey Decimal Classification     BBA PIET C-LIBRARY PIET C-LIBRARY 30/07/2011 The book company 495.00 IN-859 1 658.45 VAE 17978   08/12/2023 20/01/2022 27/07/2011 Text Books  
    Dewey Decimal Classification     BBA PIET C-LIBRARY PIET C-LIBRARY 30/07/2011 The book company 495.00 IN-859 1 658.45 VAE 17979 19/07/2022 20/01/2022 20/01/2022 27/07/2011 Text Books  
    Dewey Decimal Classification     BBA PIET C-LIBRARY PIET C-LIBRARY 30/07/2011 The book company 495.00 IN-859   658.45 VAE 17980   04/12/2019   27/07/2011 Text Books  

Design & Developed by: PIET Central Library
R70 Miles Stone Pattikalyana Samalkha Panipat 132102
mail ID :- [email protected], Phone No:- 0180-2569700 Ex.216